000
00392nam a2200145Ia 4500
008
100122s9999 xx 000 0 und d
082
_b
25839
_a
823
100
_a
कदम बाबा
245
_a
भालू
260
_b
चंद्रकांत शेटये प्रकाशन
_c
1974
300
_a
226
630
_a
भालू
730
_a
भालू
942
_c
BOOK
999
_c
412436
_d
412433